| 000 | 00000nam 2200000zi 4500 |
| 001 | 9.928901 |
| 003 | CaOODSP |
| 005 | 20250206125415 |
| 006 | m o d f |
| 007 | cr |n||||||||| |
| 008 | 231016s2021 onca o f000 0 fre d |
| 040 | |aCaOODSP|bfre|erda|cCaOODSP |
| 043 | |an-cn--- |
| 086 | 1 |aA104-446/2021F-PDF |
| 245 | 00|aPlan d'action pour la science ouverte de l’Agence canadienne d’inspection des aliments, 2021 à 2026. |
| 264 | 1|a[Ottawa] : |bAgence canadienne d'inspection des aliments = Canadian Food Inspection Agency, |c[2021] |
| 300 | |a1 ressource en ligne (14 pages) : |billustrations |
| 336 | |atexte|btxt|2rdacontent/fre |
| 337 | |ainformatique|bc|2rdamedia/fre |
| 338 | |aressource en ligne|bcr|2rdacarrier/fre |
| 500 | |aPublié aussi en anglais sous le titre : The Canadian Food Inspection Agency's open science action plan, 2021-2026. |
| 610 | 26|aAgence canadienne d'inspection des aliments|xPlanification. |
| 650 | 6|aPolitique scientifique et technique|zCanada. |
| 650 | 6|aGouvernement ouvert|zCanada. |
| 710 | 2 |aAgence canadienne d'inspection des aliments, |eorganisme de publication. |
| 775 | 08|tThe Canadian Food Inspection Agency's open science action plan, 2021-2026.|w(CaOODSP)9.928900 |
| 856 | 40|qPDF|s1.25 Mo|uhttps://publications.gc.ca/collections/collection_2023/acia-cfia/A104-446-2021-fra.pdf |
| 856 | 41|qHTML|sS.O.|uhttps://inspection.canada.ca/les-sciences-et-les-recherches/science-ouverte/plan-d-action-pour-la-science-ouverte/fra/1628881261668/1628881261996 |